Quizzes
Events
Quiz Creation
Community
Videos
Private Events
Remove Ads
Sign In
Join for FREE
Feedback
Dark Mode
Quiz Categories
Sports
Geography
Music
Movies
Television
Just For Fun
Miscellaneous
History
Literature
Language
Science
Gaming
Entertainment
Religion
Holiday
For Kids
Quiz Lab
Recent
Popular Today
Quiz Kudos Today
Editor Picks
Curator Picks
Quizzes by...
Day
Popularity
Type
Ratings
Length
Year
Community
Subscriptions
Recent Discussions
Orange Saloon
Badges
Playlists
Quests
Create
Leaderboards
Showdown
Live 5
Trivia Bingo
Activity
Puzzle Library
Sporcle Events
Private Events
Virtual Trivia
Globe League
Become a Host
Pub Owners
SporcleCon
Opinionation
Our Games
Videos
Blog
Mobile Apps
Partnerships
Remove Ads and Go Orange
Feedback
History
US Presidents
World Leaders
Politics
Nation
Discovery
War
Decade
Year
Century
Biography
Art
History
US Presidents
World Leaders
Politics
Nation
Discovery
War
Decade
Year
Century
Biography
Art
Random Quiz
Search Sporcle
×
Quiz Lab
Quiz Lab
History
Europe
Type in answers that appear in a list
Type in answers that appear in a list
Classic
Best Score? Go Orange.
Eurozone crisis: PIIGS Stats
Can you name the facts about the PIIGS?
By
Amnesty
3m
16 Questions
312 Plays
312 Plays
312 Plays
Comments
Comments
Give Quiz Kudos
Give Quiz Kudos
-
- Ratings
hide this ad
More Info
No Skip
Answers have to be entered in order without skipping
Answers have to be entered in order without skipping
Replay
Link that replays current quiz
Next Quiz
Link to next quiz in quiz playlist
You Got
0%
They Got
Avg Score
65%
Avg Friend Score
Upgrade to see
Score Distribution
Jump to the score distribution portion of the page
Score
0/16
Timer
03:00
0
Plays Today
Task
Answer
% Correct
?
???
100%
?
???
99%
?
???
98.4%
?
???
98.4%
?
???
97.8%
?
???
77.6%
?
???
70.2%
?
???
69.6%
Task
Answer
% Correct
?
???
69.2%
?
???
68.9%
?
???
68.9%
?
???
56.4%
?
???
26%
?
???
17.9%
?
???
12.8%
?
???
11.9%
Quiz Playlist
Details
Report
Send in Message
Add To Playlist
More Info:
The PIIGS are an incredibly important group to consider when talking about the 2007-2010 global recession. How much do you know about them?
Classic:
Type in answers that appear in a list
No Skip:
Answers have to be entered in order without skipping
Last Updated: Feb 16, 2017
Quiz Scoreboard
CHALLENGE
Sign Up to Join the Scoreboard
Show All
Scores
Hide
Comments
May contain spoilers
Recently Published
Decade Duel: World Leaders
by jenniferyan
History
4m
Alphabetical 'K' Countries by Flag Minefield
by ylime102
Geography
3m
Pick 6: Fruits
by JohnFran
Miscellaneous
15s
More to Explore
Quiz From the Vault
Featured Blog Post
15 Basketball Trivia Facts You Can Be March Mad About
hide this ad
You Might Also Like...
Tags
Country Quiz
Europe Quiz
finance
Greece
Ireland
Italy
Portugal
Spain
Today's Top Quizzes in History
Browse History
hide this ad
Today's Top Quizzes in Europe
Browse Europe
Top Contributed Quizzes in History
1
I Am Born On March 19th
2
Famous Spring Paintings
3
Art in Bloom
4
Decade Duel: US Presidents of the 1900s
5
Arab Spring Nations
6
Decade Duel: US Presidents of the 1800s
7
History by Year: 1980s
8
Nickname Match: World Leaders II
9
'NCAA' US History
10
I Am Born On March 18th
Explore More
Trending Topics
Crossword
Disney
Kpop
Marvel
Anime
NBA
Harry Potter
Pokémon
Soccer
Puzzle
Country
The Office
Song
NFL
WWE
hide this ad
More By:
Amnesty
Quiz
Plays
Rating
Category
Featured
Created
Reaction mechanisms
414
Science
Apr 25, 2011
The death penalty in 2009
403
3.78
Geography
Mar 20, 2011
Eurozone crisis: PIIGS
312
2.71
History
Apr 20, 2011
Go to Creator's Profile
Score Distribution
Quiz Creator Spotlight
Amnesty
Follow
Send a Message
Quizzes Created
-
Created Quiz Play Count
-
More By This Creator
Popular Quizzes Today
1
Countries of Asia Without Outlines Minefield
2
Find the US States - No Outlines Minefield
3
Pick 6: Fruits
4
Alphabetical 'K' Countries by Flag Minefield
5
The Countries of the World
6
Find the Countries of Europe - No Outlines Minefield
7
US States
8
Find the US States
More History Quizzes
What about me?
Editor's Pick
Trending Quizzes
Pick 6: Mountains
Pick 6: Harry Potter
Pick 6: Flags
Pick 6: NFL Teams
Pick 6: Movie Franchises
Recently Updated
Adaptations: Name the Title
pecheneg
NWSL Teams
pecheneg
Women's Final Four Teams by Year
bhenderson79
Presidents Quartet II
eogle
Anything But Clue(do)
eogle
Anything But Oceanian Capitals
eogle
Anything But 7
eogle
Anything But Thing
eogle
Word Ladder: February 29
pecheneg
Song Title Questions
pecheneg
Trending Topics
Harry Potter
Kpop
Disney
Marvel
Anime
NBA
Crossword
Pokémon
Puzzle
Soccer
NFL
Country
Song
The Office
WWE
Your Account Isn't Verified!
In order to create a playlist on Sporcle, you need to verify the email address you used during registration. Go to your
Sporcle Settings
to finish the process.
Report this User
Report this user for behavior that violates our
Community Guidelines
.
Details:
Send Report
Go to the Sporcle.com Mobile Site →
Comments